[Event "Tournoi francophone 015"]
[Site "Skype"]
[Date "????.??.??"]
[Round "6.18"]
[White "Cengiz, Ali Ekber"]
[Black "Montilla Bejarano, Carmen"]
[Result "0-1"]
[WhiteElo "1299"]
[BlackElo "1087"]
[PlyCount "72"]

1. e4 c5 2. Nf3 Nc6 3. c3 e5 4. Bc4 Nf6 5. Ng5 d5 6. exd5 Nxd5 7. d3 Be7 8. Nf3
a6 9. a3 Bg4 10. h3 Bh5 11. Nbd2 f5 12. O-O g5 13. Qe1 Qd6 14. Nh2 Nf4 15. Ndf3
O-O-O 16. b4 Nxd3 17. Bxd3 Qxd3 18. Nxg5 Qd5 19. c4 Qxc4 20. Bd2 Rhg8 21. Rc1
Qd3 22. Kh1 Bxg5 23. Bxg5 Rxg5 24. Rxc5 Rdg8 25. g3 Be2 26. Rg1 Qe4+ 27. f3
Bxf3+ 28. Nxf3 Qxf3+ 29. Kh2 e4 30. Rc3 Qh5 31. a4 R8g6 32. h4 f4 33. Qxe4
fxg3+ 34. Kg2 Re5 35. Qd4 Qe2+ 36. Kh3 Qh2# 0-1

[Event "Tournoi francophone 015"]
[Site "Skype"]
[Date "????.??.??"]
[Round "6.19"]
[White "Ruiz Aguilera, Juan Jesus"]
[Black "Vasquez Cienfuegos, Oscar"]
[Result "1-0"]
[WhiteElo "1083"]
[BlackElo "1470"]
[PlyCount "69"]

1. e4 c6 2. d4 d5 3. exd5 Qxd5 4. Nf3 Bf5 5. Nc3 Qa5 6. Bd2 Qc7 7. Be3 h6 8.
Bd3 Bxd3 9. Qxd3 Nf6 10. d5 Nbd7 11. dxc6 bxc6 12. O-O e6 13. Ne4 Be7 14. Nxf6+
Nxf6 15. Rad1 O-O 16. Bd4 Rad8 17. Be5 Qb7 18. Qb3 Qxb3 19. axb3 Rxd1 20. Rxd1
Rd8 21. Rxd8+ Bxd8 22. Kf1 Kf8 23. Bd4 a6 24. Ne5 Nd5 25. Nxc6 Bc7 26. c4 Nb6
27. Nb4 a5 28. Nc6 Nd7 29. Bc3 Nc5 30. Bxa5 Bd6 31. b4 Nb7 32. b5 Ke8 33. Bb6
Kd7 34. b4 Bxb4 35. Nxb4 1-0

[Event "Tournoi francophone 015"]
[Site "Skype"]
[Date "????.??.??"]
[Round "6.20"]
[White "Ortiz, Vladimir"]
[Black "Abdulrazzaq, Mohsen"]
[Result "1-0"]
[WhiteElo "1443"]
[BlackElo "1249"]
[PlyCount "71"]

1. e4 c5 2. Nf3 d6 3. d4 cxd4 4. Nxd4 Nc6 5. Nc3 Nf6 6. Bb5 Bd7 7. Nxc6 bxc6 8.
Bc4 e6 9. Bb3 Be7 10. O-O O-O 11. Bf4 d5 12. exd5 cxd5 13. Re1 Bc6 14. f3 Re8
15. Qd2 Nd7 16. Ba4 d4 17. Bxc6 dxc3 18. Qxd7 Qxd7 19. Bxd7 cxb2 20. Rab1 Red8
21. Bc6 Rac8 22. Be4 Ba3 23. Be5 f5 24. Bd3 g6 25. Bxb2 Bxb2 26. Rxb2 e5 27.
Rxe5 a6 28. Re7 a5 29. Kf2 a4 30. Kg3 a3 31. Rbb7 Rc3 32. Rxh7 Rdc8 33. Rhd7 g5
34. Bxf5 Re8 35. Bg6 Rf8 36. Rg7+ 1-0

[Event "Tournoi francophone 015"]
[Site "Skype"]
[Date "????.??.??"]
[Round "6.21"]
[White "Garganese, Paolo"]
[Black "Bourdeau, Yvan"]
[Result "1/2-1/2"]
[WhiteElo "1199"]
[BlackElo "1383"]
[PlyCount "58"]

1. e4 d5 2. exd5 Qxd5 3. Nf3 Nf6 4. Be2 Bf5 5. d4 e6 6. c4 Qa5+ 7. Bd2 Bb4 8.
O-O Nbd7 9. Nc3 c6 10. a3 Bxc3 11. Bxc3 Qc7 12. Ne5 Nxe5 13. dxe5 Rd8 14. Qb3
Ng4 15. Rad1 O-O 16. Bxg4 Bxg4 17. f3 Bf5 18. c5 Rd5 19. Rxd5 exd5 20. g4 Be6
21. Bd4 Qd7 22. Qe3 Qe7 23. Qf4 Rb8 24. b4 Qe8 25. g5 Qe7 26. h4 Rf8 27. Qg3
Kh8 28. f4 Bf5 29. h5 Qe6 1/2-1/2

[Event "Tournoi francophone 015"]
[Site "Skype"]
[Date "????.??.??"]
[Round "6.22"]
[White "Scata, Laura"]
[Black "Vello, Pablo"]
[Result "0-1"]
[WhiteElo "1366"]
[BlackElo "1135"]
[PlyCount "116"]

1. d4 Nf6 2. Bf4 d6 3. Nc3 Nbd7 4. e4 Nb6 5. Bd3 e6 6. Nf3 Bd7 7. e5 dxe5 8.
Nxe5 Nbd5 9. Nxd5 Nxd5 10. Bd2 Bd6 11. c3 Qe7 12. Qc2 f6 13. Nxd7 Qxd7 14. Bxh7
O-O-O 15. Be4 Rde8 16. O-O-O Bf4 17. Kb1 Bxd2 18. Qxd2 Qb5 19. c4 Qxc4 20. Rc1
Qb4 21. Qxb4 Nxb4 22. Rc4 Nd5 23. Bxd5 exd5 24. Rc2 Re4 25. Rd2 Rhe8 26. f3 Re2
27. Kc1 Kd7 28. Kd1 Rxd2+ 29. Kxd2 Kd6 30. Kd3 Re7 31. g3 a5 32. b3 b6 33. Rc1
g5 34. h3 Rh7 35. Rh1 Re7 36. h4 gxh4 37. gxh4 Rh7 38. h5 Ke6 39. f4 Kf5 40.
Rh4 b5 41. a3 c6 42. h6 Kg6 43. Ke3 f5 44. Kd3 Rxh6 45. Rxh6+ Kxh6 46. Ke3 Kh5
47. Kf3 Kh4 48. b4 a4 49. Kf2 Kg4 50. Kg2 Kxf4 51. Kf2 Ke4 52. Ke2 Kxd4 53. Kd2
f4 54. Ke2 Kc3 55. Kf3 d4 56. Kxf4 d3 57. Ke3 d2 58. Ke2 Kc2 0-1

[Event "Tournoi francophone 015"]
[Site "Skype"]
[Date "????.??.??"]
[Round "6.23"]
[White "Duthoit, Bernard"]
[Black "Colangelo, Michele"]
[Result "1-0"]
[WhiteElo "1338"]
[BlackElo "1000"]
[PlyCount "47"]

1. e4 c5 2. Nf3 d6 3. c3 Nf6 4. d3 Bg4 5. Be2 e5 6. h3 Bh5 7. Nbd2 Be7 8. Nb3
O-O 9. O-O h6 10. Nh2 Bg6 11. Be3 Nc6 12. f4 Re8 13. f5 Bh7 14. Ng4 Nd7 15. Rf3
Nb6 16. Qf1 Bg5 17. Bxg5 Qxg5 18. f6 Re6 19. fxg7 Qxg7 20. Nf6+ Kh8 21. Nxh7
Qxh7 22. Rxf7 Qg8 23. Bg4 Re7 24. Qf6+ 1-0

[Event "Tournoi francophone 015"]
[Site "Skype"]
[Date "????.??.??"]
[Round "6.24"]
[White "Le Bouill, Pierre"]
[Black "Briere, Jean"]
[Result "0-1"]
[WhiteElo "1252"]
[BlackElo "1377"]
[PlyCount "76"]

1. b3 e5 2. Bb2 Nc6 3. d3 Bc5 4. e3 d5 5. Nf3 d4 6. e4 Nf6 7. Be2 O-O 8. h3 Re8
9. O-O h6 10. Nbd2 b5 11. a3 a5 12. b4 axb4 13. axb4 Rxa1 14. Bxa1 Bxb4 15. Bb2
Bb7 16. Qc1 Re6 17. c3 dxc3 18. Bxc3 Bxc3 19. Qxc3 Nd4 20. Bd1 Rc6 21. Qb4 Rb6
22. Nxe5 Qd6 23. Qxd6 Rxd6 24. Nb3 Nxb3 25. Bxb3 Kf8 26. Nxf7 Rxd3 27. Ba2 Bxe4
28. Ne5 Rd6 29. f3 Bd5 30. Bb1 c5 31. Ng6+ Ke8 32. Re1+ Re6 33. Rd1 Bb3 34. Rd2
Re1+ 35. Kf2 Rxb1 36. Re2+ Kf7 37. Ne5+ Kf8 38. Nd7+ Nxd7 0-1

[Event "Tournoi francophone 015"]
[Site "Skype"]
[Date "????.??.??"]
[Round "6.25"]
[White "Martin, Jean-Claude"]
[Black "Farfallini, Michel"]
[Result "1-0"]
[WhiteElo "1184"]
[BlackElo "1446"]
[PlyCount "75"]

1. d4 d5 2. c4 e6 3. Nc3 Nf6 4. Bg5 Be7 5. Nf3 O-O 6. e3 c6 7. Bd3 Nbd7 8. O-O
Re8 9. cxd5 exd5 10. h3 Nf8 11. Re1 Bb4 12. a3 Ba5 13. b4 Bc7 14. Na4 Qd6 15.
Bf4 Qe7 16. Qc2 Bd6 17. Bxd6 Qxd6 18. Qc5 Qc7 19. Qc2 Ne4 20. Bxe4 Rxe4 21. Nc5
Re8 22. e4 b6 23. Nb3 Qd6 24. e5 Qd7 25. a4 Re6 26. a5 Bb7 27. axb6 axb6 28.
Rxa8 Bxa8 29. Ra1 Qb7 30. Ng5 Rg6 31. Qf5 Qb8 32. Qxf7+ Kh8 33. Qa7 Qb7 34.
Qxa8 Qxa8 35. Rxa8 Kg8 36. e6 Rxg5 37. e7 Rf5 38. e8=Q 1-0

[Event "Tournoi francophone 015"]
[Site "Skype"]
[Date "????.??.??"]
[Round "6.26"]
[White "Ortis, Yves"]
[Black "Vincent, Andre"]
[Result "1-0"]
[WhiteElo "1096"]
[BlackElo "1377"]
[PlyCount "79"]

1. c4 c6 2. e4 d5 3. Nc3 dxc4 4. Bxc4 e6 5. a3 Bd6 6. d3 Ne7 7. Nf3 Nd7 8. d4
O-O 9. O-O Ng6 10. g3 e5 11. Be3 Nb6 12. Bb3 Bg4 13. Bg5 Qd7 14. Qd3 Rae8 15.
Rfe1 Be6 16. Bxe6 fxe6 17. b3 Qf7 18. Re3 Nd7 19. Kg2 h6 20. Bxh6 gxh6 21. Ra2
Qg7 22. Kf1 exd4 23. Nxd4 Nge5 24. Qd1 Qg4 25. Qxg4+ Nxg4 26. Rd3 Nxh2+ 27. Kg2
Ng4 28. Nde2 Rxf2+ 29. Kh3 Nge5 30. Rxd6 Re7 31. Nd1 Rff7 32. Rad2 Kg7 33. Nf4
Nc5 34. Nc3 Nxb3 35. Rf2 Nc5 36. Nh5+ Kg6 37. Nf4+ Kg5 38. Rd1 Kf6 39. Rd8 Rd7
40. Rg8 1-0

[Event "Tournoi francophone 015"]
[Site "Skype"]
[Date "????.??.??"]
[Round "6.27"]
[White "Sosa, Juan Carlos"]
[Black "Gharbi, Said"]
[Result "0-1"]
[WhiteElo "1121"]
[BlackElo "1335"]
[PlyCount "74"]

1. d4 e5 2. d5 d6 3. e4 c6 4. c4 Nd7 5. Nf3 Ngf6 6. Nc3 Be7 7. h3 O-O 8. Be2
Nc5 9. Qc2 Nh5 10. b4 Na6 11. b5 Nc5 12. bxc6 bxc6 13. O-O f5 14. Nxe5 dxe5 15.
Bxh5 fxe4 16. Nxe4 cxd5 17. Nxc5 Bxc5 18. cxd5 Qxd5 19. Bf3 Rxf3 20. gxf3 Qxf3
21. Qxc5 Bxh3 22. Qc4+ Kh8 23. Qd5 Qxd5 24. f3 Bxf1 25. Kxf1 Qxf3+ 26. Ke1 Qc3+
27. Ke2 Qxa1 28. Bd2 Qxa2 29. Ke3 Qd5 30. Ke2 a5 31. Ke3 a4 32. Ke2 Qe4+ 33.
Kd1 Rd8 34. Kc1 Qd3 35. Ba5 Rc8+ 36. Kb2 Qb3+ 37. Ka1 Rc1# 0-1

[Event "Tournoi francophone 015"]
[Site "Skype"]
[Date "????.??.??"]
[Round "6.28"]
[White "Dhenain, Sebastien"]
[Black "Ibanez, Bittor"]
[Result "0-1"]
[WhiteElo "1086"]
[BlackElo "1330"]
[PlyCount "110"]

1. e4 c6 2. d4 d5 3. e5 Bf5 4. Bd3 Bxd3 5. Qxd3 Nd7 6. Nf3 e6 7. Bg5 Be7 8.
Bxe7 Nxe7 9. Nc3 Nf5 10. O-O c5 11. Ne2 c4 12. Qa3 f6 13. exf6 gxf6 14. Nf4 Nf8
15. Rfe1 Kf7 16. Qc3 Ng7 17. Re2 Qd6 18. Qd2 Rg8 19. Rae1 Re8 20. Nh4 e5 21.
dxe5 Rxe5 22. Rxe5 fxe5 23. Qxd5+ Qxd5 24. Nxd5 Ke6 25. Nf4+ Kf6 26. Nd5+ Ke6
27. Nf4+ Kd6 28. Ne2 Nge6 29. Rd1+ Kc6 30. Nc3 Nd4 31. Rd2 Rg4 32. g3 Rxh4 33.
gxh4 Nf3+ 34. Kg2 Nxd2 35. Na4 b5 36. Nc3 h5 37. Ne2 Ng6 38. Ng3 Nf4+ 39. Kg1
b4 40. Nf5 a5 41. Ne3 Ne2+ 42. Kg2 a4 43. Nd1 b3 44. axb3 c3 45. bxa4 Nf4+ 46.
Kg1 Nf3+ 47. Kh1 cxb2 48. Nxb2 Kb6 49. c4 e4 50. Nd1 Kc5 51. Nc3 Nd2 52. a5 Ne6
53. a6 Nc7 54. a7 Kxc4 55. a8=Q Nxa8 0-1

[Event "Tournoi francophone 015"]
[Site "Skype"]
[Date "????.??.??"]
[Round "6.29"]
[White "Gerbaux, Regis"]
[Black "Sauvaget, Joel"]
[Result "1/2-1/2"]
[WhiteElo "1062"]
[BlackElo "1290"]
[PlyCount "48"]

1. e4 e5 2. Nf3 Nc6 3. Bc4 h6 4. c3 d6 5. h3 Nf6 6. d3 Be7 7. Be3 Bd7 8. Nbd2
a6 9. d4 exd4 10. cxd4 O-O 11. e5 Nh7 12. Qb3 Na5 13. Qc2 Nxc4 14. Qxc4 Bb5 15.
Qc2 dxe5 16. Nxe5 Nf6 17. a4 Be8 18. O-O Nd5 19. Qb3 Nxe3 20. fxe3 Kh8 21.
Nxf7+ Bxf7 22. Rxf7 Bg5 23. Nf3 Bxe3+ 24. Kh1 Rxf7 1/2-1/2

[Event "Tournoi francophone 015"]
[Site "Skype"]
[Date "????.??.??"]
[Round "6.30"]
[White "Yepes Bermudez, Maribel"]
[Black "Yepez, German"]
[Result "1-0"]
[WhiteElo "1287"]
[BlackElo "1191"]
[PlyCount "117"]

1. e4 d5 2. exd5 Qxd5 3. Nc3 Qa5 4. d4 c6 5. Bd2 Qc7 6. h3 Nf6 7. Nf3 e6 8. Bc4
Bd6 9. Bb3 Nbd7 10. Qe2 O-O 11. O-O-O Nd5 12. Nxd5 cxd5 13. Qd3 Nf6 14. Kb1 Ne4
15. Be3 f5 16. Rdf1 a5 17. c3 a4 18. Bc2 b6 19. h4 Ba6 20. Qd1 Bxf1 21. Qxf1 f4
22. Bc1 e5 23. dxe5 Bxe5 24. Nxe5 Qxe5 25. f3 Ng3 26. Qd3 g6 27. Rd1 Ra5 28.
Bd2 a3 29. b4 Rb8 30. bxa5 bxa5+ 31. Kc1 Rb2 32. Be1 Rxa2 33. Qxd5+ Qxd5 34.
Rxd5 Ra1+ 35. Kd2 Nh5 36. Rxa5 Nf6 37. Bf2 a2 38. Bd4 Nh5 39. Bb3+ Kf8 40. Ra8+
Ke7 41. Ra7+ Kd6 42. Rxh7 Rd1+ 43. Bxd1 a1=Q 44. Ra7 Qb2+ 45. Bc2 Ng3 46. Ra6+
Ke7 47. Rb6 Qa2 48. Rxg6 Ne2 49. Bc5+ Kf7 50. h5 Ng3 51. Rg5 Kf6 52. Rg6+ Kf7
53. Rg5 Kf6 54. h6 Kxg5 55. h7 Qa8 56. Bd4 Kh4 57. h8=Q+ Qxh8 58. Bxh8 Nh5 59.
c4 1-0

[Event "Tournoi francophone 015"]
[Site "Skype"]
[Date "????.??.??"]
[Round "6.32"]
[White "Vervoort, Jean-Louis"]
[Black "De Fazio, Monica"]
[Result "0-1"]
[WhiteElo "1273"]
[BlackElo "1176"]
[PlyCount "58"]

1. d4 Nf6 2. Bf4 e6 3. Nc3 Bb4 4. a3 Be7 5. e4 d5 6. e5 Ne4 7. Nxe4 dxe4 8. Qe2
c5 9. Qxe4 Qxd4 10. Qxd4 cxd4 11. O-O-O Nc6 12. Nf3 Bc5 13. Bb5 Bd7 14. Bxc6
Bxc6 15. Nxd4 Bxg2 16. Rhg1 Rd8 17. c3 Bxd4 18. cxd4 Rc8+ 19. Kb1 Be4+ 20. Ka1
O-O 21. Bh6 Bg6 22. Bg5 Rc2 23. Rg2 Be4 24. Rgg1 Rxf2 25. Rc1 Rxh2 26. Rc7 h6
27. Be7 Re8 28. Rgc1 Kh7 29. Rxb7 Bxb7 0-1

[Event "Tournoi francophone 015"]
[Site "Skype"]
[Date "????.??.??"]
[Round "6.33"]
[White "Malbec, Robert"]
[Black "Abate, Luigi"]
[Result "1-0"]
[WhiteElo "1214"]
[BlackElo "1169"]
[PlyCount "39"]

1. e4 e5 2. Nf3 Nc6 3. Bc4 h6 4. g3 Nf6 5. Nc3 Bb4 6. d3 Nd4 7. Bd2 Nxf3+ 8.
Qxf3 O-O 9. a3 Ba5 10. b4 Bb6 11. Nd5 Nxd5 12. Bxd5 c6 13. Bb3 d5 14. exd5 c5
15. bxc5 Bxc5 16. O-O a5 17. Rfe1 Re8 18. Bc3 f6 19. Qh5 Qe7 20. d6+ 1-0

[Event "Tournoi francophone 015"]
[Site "Skype"]
[Date "????.??.??"]
[Round "6.34"]
[White "Busto, Ricardo"]
[Black "Porcabeuf, Jean-Marc"]
[Result "1-0"]
[WhiteElo "1152"]
[BlackElo "1229"]
[PlyCount "61"]

1. d4 d5 2. Nf3 Bf5 3. c4 e6 4. cxd5 exd5 5. Nc3 h6 6. a3 Nf6 7. h3 Nbd7 8. Bf4
a6 9. e3 c5 10. Bd3 Be6 11. O-O Qb6 12. Na4 Qa7 13. Qc2 c4 14. Bf5 Bxf5 15.
Qxf5 g6 16. Qc2 Ne4 17. Nc3 Ndf6 18. Be5 Bg7 19. Bxf6 Bxf6 20. Nxd5 Bg7 21.
Qxe4+ Kf8 22. Rac1 Re8 23. Qc2 b5 24. a4 Kg8 25. Ne5 Bxe5 26. dxe5 Rxe5 27. Qc3
Kh7 28. Qxe5 Qa8 29. Nf6+ Kg7 30. Nh5+ Kh7 31. Qg7# 1-0

[Event "Tournoi francophone 015"]
[Site "Skype"]
[Date "????.??.??"]
[Round "6.35"]
[White "Blanchard, Colette"]
[Black "Hargez, Dany"]
[Result "0-1"]
[WhiteElo "1000"]
[BlackElo "1296"]
[PlyCount "74"]

1. d4 d5 2. Bf4 Nf6 3. Nf3 Bf5 4. e3 e6 5. c3 Be4 6. Nbd2 Bd6 7. Bxd6 Qxd6 8.
Be2 Ng4 9. Nxe4 dxe4 10. Ng5 Nh6 11. Nxe4 Qe7 12. O-O f5 13. Ng3 O-O 14. Qb3 b6
15. Bc4 Rf6 16. f3 Nd7 17. Rae1 Raf8 18. h3 Rg6 19. Nxf5 Nxf5 20. Bxe6+ Rxe6
21. g4 Nh4 22. Qd1 Ref6 23. f4 Qe4 24. Qe2 R6f7 25. Qf2 Qg6 26. Qxh4 Nf6 27. f5
Qh6 28. Qg3 Ne4 29. Qf3 Nd2 30. Qg2 Nxf1 31. Rxf1 Qxe3+ 32. Kh2 Rf6 33. Rf3 Qg5
34. Qg3 Rh6 35. Kg2 Re8 36. Qf4 Re2+ 37. Kg3 Qh4# 0-1

[Event "Tournoi francophone 015"]
[Site "Skype"]
[Date "????.??.??"]
[Round "6.36"]
[White "Rodriguez, Nathalie"]
[Black "Fernandez, Raquel"]
[Result "1-0"]
[WhiteElo "1167"]
[BlackElo "1038"]
[PlyCount "73"]

1. d4 d5 2. Bf4 Nf6 3. Nc3 Bf5 4. Nb5 Na6 5. e3 c6 6. Nc3 e6 7. a3 b5 8. Nf3
Ne4 9. Nxe4 dxe4 10. Ne5 Qc8 11. c4 Bd6 12. cxb5 cxb5 13. Bxb5+ Ke7 14. Nc6+
Kd7 15. Ne5+ Kc7 16. Qc2+ Kb7 17. Bc6+ Kb6 18. Qb3+ Kc7 19. Bxa8 Bxe5 20. Bxe5+
Kd8 21. Bb7 Qd7 22. Bxa6 f6 23. Qb8+ Ke7 24. Qxh8 fxe5 25. Qxg7+ Kd8 26. Qh8+
Kc7 27. Rc1+ Kb6 28. Bc8 Qd6 29. Qg7 exd4 30. Qb7+ Ka5 31. Qxa7+ Kb5 32. a4+
Kb4 33. Qb7+ Kxa4 34. Rc4+ Ka5 35. Qa7+ Kb5 36. b3 Qb6 37. Qa4# 1-0

[Event "Tournoi francophone 015"]
[Site "Skype"]
[Date "????.??.??"]
[Round "6.37"]
[White "Trapletti, Cosetta"]
[Black "Tolaro, Filippa"]
[Result "0-1"]
[WhiteElo "1000"]
[BlackElo "1086"]
[PlyCount "130"]

1. d4 d5 2. e3 Nf6 3. c4 c6 4. Nc3 Bf5 5. Be2 e6 6. Nf3 Bd6 7. c5 Be7 8. O-O b6
9. Nh4 Ng4 10. f3 Nxe3 11. Bxe3 Bxh4 12. Na4 bxc5 13. dxc5 O-O 14. Bf2 Bxf2+
15. Rxf2 Nd7 16. f4 d4 17. Qxd4 Rb8 18. b3 Nf6 19. Qe5 Qd5 20. Qxd5 Nxd5 21.
Rf3 Be4 22. Rg3 g6 23. Bc4 Nxf4 24. Kf2 Nxg2 25. Be2 Rfd8 26. Nc3 Nf4 27. Nxe4
Nxe2 28. Kxe2 Kg7 29. h4 h6 30. h5 Rd4 31. hxg6 Rxe4+ 32. Kf3 f5 33. Rd1 Rf8
34. Rd7+ Kf6 35. g7 Rg8 36. Rd6 Rxg7 37. Rh3 Rg6 38. Rg3 Reg4 39. Rxg4 fxg4+
40. Kg3 h5 41. Rxc6 Kf5 42. Rc8 Rh6 43. Rf8+ Ke5 44. Rg8 Kd5 45. Rxg4 hxg4 46.
b4 Rh3+ 47. Kxg4 Rc3 48. a4 Rc4+ 49. Kf3 Rxb4 50. a5 Kxc5 51. Ke3 Kd5 52. a6 e5
53. Kd3 e4+ 54. Ke3 Rb3+ 55. Kd2 Kd4 56. Kc2 Rh3 57. Kd2 e3+ 58. Ke2 Rh2+ 59.
Ke1 Kd3 60. Kf1 e2+ 61. Ke1 Rh1+ 62. Kf2 e1=Q+ 63. Kg2 Qf1+ 64. Kg3 Rg1+ 65.
Kh2 Qg2# 0-1

[Event "Tournoi francophone 015"]
[Site "Skype"]
[Date "????.??.??"]
[Round "6.38"]
[White "Hampton, Irene"]
[Black "Maccaferri, Massimo"]
[Result "1-0"]
[WhiteElo "1000"]
[BlackElo "1074"]
[PlyCount "63"]

1. d4 e5 2. dxe5 Nc6 3. Nf3 Qe7 4. e4 Qb4+ 5. Nc3 Qa5 6. Be2 Bb4 7. Bd2 d6 8.
O-O Bg4 9. h3 Bxf3 10. Bxf3 dxe5 11. a3 Bxc3 12. Bxc3 Qb5 13. Re1 Nd4 14. Bh5
O-O-O 15. Qg4+ f5 16. Qxg7 Ne7 17. Rad1 Ne2+ 18. Kh2 Rxd1 19. Rxe2 Rg8 20. Qxe7
Qxe2 21. Bxe2 Rd7 22. Qe6 Rg6 23. Qe8+ Rd8 24. Qxe5 Rdg8 25. g3 h5 26. exf5 Rg5
27. f4 Rxg3 28. Bf1 Rg1 29. Qe2 Rf8 30. f6 Rfg8 31. f7 Rf8 32. Qf2 1-0

[Event "Tournoi francophone 015"]
[Site "Skype"]
[Date "????.??.??"]
[Round "6.39"]
[White "Rodgerson, Michael"]
[Black "Esformes, Jacques"]
[Result "0-1"]
[WhiteElo "1000"]
[BlackElo "1052"]
[PlyCount "60"]

1. e4 e5 2. Nf3 f6 3. Bc4 Bd6 4. O-O Ne7 5. d3 c5 6. Nbd2 a6 7. b3 b5 8. Bd5
Ra7 9. Bb2 Bb7 10. Bf7+ Kxf7 11. c3 a5 12. b4 axb4 13. Qb3+ Kf8 14. Rab1 Nbc6
15. d4 c4 16. Qc2 Rxa2 17. Bc1 Rxc2 18. cxb4 Nxd4 19. h3 Ne2+ 20. Kh2 Nxc1 21.
Rbxc1 Rxc1 22. Rxc1 Bxb4 23. Rb1 Bxd2 24. Nxd2 Qa5 25. Rd1 c3 26. Nb3 Qa4 27.
Nc5 Qxd1 28. Nxb7 Kf7 29. Nd8+ Rxd8 30. f4 exf4 0-1

[Event "Tournoi francophone 015"]
[Site "Skype"]
[Date "????.??.??"]
[Round "6.40"]
[White "Ramirez, Luis Antonio"]
[Black "Schnell, Nicolas"]
[Result "0-1"]
[WhiteElo "1017"]
[BlackElo "1003"]
[PlyCount "52"]

1. e4 e5 2. Nc3 Bc5 3. d3 Qf6 4. Nf3 Nc6 5. Bg5 Qd6 6. Be2 Nf6 7. O-O Ng4 8. h3
Qe6 9. Bh4 Be7 10. Nd5 Bd8 11. Ng5 Qh6 12. Bxg4 Qxh4 13. Nf3 Qh6 14. Ne3 d5 15.
Nf5 Bxf5 16. exf5 Bf6 17. Re1 O-O 18. Re2 Rfe8 19. Qd2 g5 20. fxg6 Qxg6 21. Nh2
Nd4 22. Ree1 Bh4 23. Rf1 Qf6 24. f3 Qb6 25. Rab1 Nf5+ 26. Kh1 Ng3# 0-1

[Event "Tournoi francophone 015"]
[Site "Skype"]
[Date "????.??.??"]
[Round "6.41"]
[White "Cassano, Mariangela"]
[Black "Moraga Vasquez, Michael"]
[Result "0-1"]
[WhiteElo "1000"]
[BlackElo "1008"]
[PlyCount "52"]

1. e4 e5 2. Nc3 Nf6 3. Bc4 Nc6 4. Nf3 Bc5 5. d3 h6 6. O-O O-O 7. Be3 Bb6 8. Re1
d6 9. d4 exd4 10. Bxd4 Nxd4 11. Nxd4 c6 12. Nce2 Nxe4 13. Bd3 Re8 14. b3 d5 15.
c4 Qf6 16. Qc2 Nxf2 17. Ng3 Bxd4 18. Nh5 Rxe1+ 19. Rxe1 Nxd3+ 20. Kh1 Qf5 21.
Rd1 Nf2+ 22. Kg1 Qxc2 23. Rxd4 Bf5 24. Nf4 Ng4 25. h3 Qf2+ 26. Kh1 Qf1# 0-1

[Event "Tournoi francophone 015"]
[Site "Skype"]
[Date "????.??.??"]
[Round "7.1"]
[White "Rapaire, Jean-Michel"]
[Black "Blasco, Raul"]
[Result "1-0"]
[WhiteElo "1739"]
[BlackElo "1978"]
[PlyCount "115"]

1. e4 c6 2. e5 d6 3. exd6 exd6 4. d4 Nf6 5. Bd3 Bg4 6. f3 Bh5 7. g4 Bg6 8. Nc3
d5 9. Bf4 Bb4 10. Qe2+ Qe7 11. Qxe7+ Kxe7 12. O-O-O Bd6 13. Nge2 Na6 14. Bxd6+
Kxd6 15. Bxa6 bxa6 16. h4 h5 17. Nf4 Bh7 18. Nxh5 Nxh5 19. gxh5 Bf5 20. Rdg1
Rxh5 21. Rxg7 Bg6 22. Ne2 Rf5 23. h5 Rxh5 24. Rxh5 Bxh5 25. Rg3 Bg6 26. Nf4 Bf5
27. Rg5 Be6 28. Nxe6 Kxe6 29. Re5+ Kd6 30. Rh5 Re8 31. Kd2 a5 32. Rf5 Ke6 33.
Re5+ Kd7 34. Rxe8 Kxe8 35. Ke3 Ke7 36. Kf4 a4 37. Kf5 a5 38. b3 axb3 39. cxb3
Kd6 40. a3 c5 41. dxc5+ Kxc5 42. Ke5 f6+ 43. Kf5 a4 44. bxa4 d4 45. Ke4 Kc4 46.
a5 d3 47. a6 d2 48. a7 d1=Q 49. a8=Q Qd4+ 50. Kf5 Qe5+ 51. Kg6 Kd4 52. Qa7+ Kd3
53. Qd7+ Ke3 54. Qf5 Qe8+ 55. Kxf6 Qf8+ 56. Kg5 Qxa3 57. f4 Qa1 58. Qe5+ 1-0

[Event "Tournoi francophone 015"]
[Site "Skype"]
[Date "????.??.??"]
[Round "7.2"]
[White "Leyton Calderon, Jairo Oswaldo"]
[Black "Meyer, Eric"]
[Result "1/2-1/2"]
[WhiteElo "1526"]
[BlackElo "1664"]
[PlyCount "79"]

1. Nf3 Nf6 2. b3 g6 3. g3 Bg7 4. Bb2 O-O 5. Bg2 d6 6. d4 Nbd7 7. O-O Re8 8. c4
e5 9. e3 Rb8 10. Nc3 a6 11. Qc2 exd4 12. exd4 Nf8 13. Rae1 Bf5 14. Qd2 Qd7 15.
Rxe8 Rxe8 16. Re1 Ne4 17. Nxe4 Rxe4 18. Rxe4 Bxe4 19. Qe2 Bf5 20. Nh4 c6 21. d5
Bxb2 22. dxc6 bxc6 23. Nxf5 Be5 24. Nh6+ Kg7 25. Ng4 Bd4 26. Qf3 a5 27. Qf4 Ne6
28. Qh6+ Kg8 29. Ne3 Bg7 30. Qh4 Nd4 31. Bh3 Nf3+ 32. Kh1 Qe8 33. Qf4 Ne5 34.
Bg2 Nd3 35. Qf3 Bd4 36. Kg1 Qe5 37. Ng4 Qe1+ 38. Bf1 Ne5 39. Nxe5 dxe5 40. Qe2
1/2-1/2

[Event "Tournoi francophone 015"]
[Site "Skype"]
[Date "????.??.??"]
[Round "7.4"]
[White "Kruk, Clementine"]
[Black "Ambrosino, Theo"]
[Result "1-0"]
[WhiteElo "1293"]
[BlackElo "1412"]
[PlyCount "37"]

1. e4 d5 2. exd5 Qxd5 3. Nc3 Qa5 4. d4 Nf6 5. Bd2 Bf5 6. Bb5+ c6 7. Qf3 Bg6 8.
Nge2 Qd8 9. Bc4 e6 10. O-O-O Nbd7 11. Nf4 Bf5 12. h3 Nb6 13. Bb3 Bb4 14. Rhe1
Bxc3 15. Bxc3 Nbd5 16. Nxd5 Nxd5 17. Qxf5 Nxc3 18. bxc3 g6 19. Qe5 1-0

[Event "Tournoi francophone 015"]
[Site "Skype"]
[Date "????.??.??"]
[Round "7.5"]
[White "Rodier, Marc"]
[Black "Elias, Roberto"]
[Result "1/2-1/2"]
[WhiteElo "1000"]
[BlackElo "1782"]
[PlyCount "65"]

1. e4 d5 2. exd5 Nf6 3. d4 e6 4. Bb5+ c6 5. dxc6 Qa5+ 6. Nc3 bxc6 7. Bd3 Bb4 8.
Bd2 Qb6 9. Nf3 Ba6 10. Qe2 Bxc3 11. Bxc3 Nd5 12. O-O Nxc3 13. bxc3 O-O 14. Rab1
Bxd3 15. Qxd3 Qa6 16. Rb2 Qxd3 17. cxd3 Nd7 18. Rb7 Rfd8 19. Rc7 c5 20. dxc5
Rac8 21. Rxa7 Nxc5 22. d4 Ne4 23. a4 Nxc3 24. g3 Ra8 25. Rxa8 Rxa8 26. Ra1 Rxa4
27. Rxa4 Nxa4 28. Nd2 Nc3 29. f4 Kf8 30. Kf2 Ke7 31. Ke3 Kd6 32. Kd3 Nb5 33.
Kc4 1/2-1/2

[Event "Tournoi francophone 015"]
[Site "Skype"]
[Date "????.??.??"]
[Round "7.6"]
[White "Guillaume, Mickael"]
[Black "Legueltel, Daniel"]
[Result "0-1"]
[WhiteElo "1106"]
[BlackElo "1753"]
[PlyCount "50"]

1. e4 e5 2. Nf3 Nf6 3. Nc3 Nc6 4. d4 exd4 5. Nxd4 d6 6. Bb5 Bd7 7. O-O Be7 8.
Bf4 O-O 9. e5 Nxe5 10. Bxd7 Nexd7 11. Re1 Re8 12. Qf3 c6 13. Nf5 Bf8 14. Nxd6
Bxd6 15. Bxd6 Nb6 16. Qf4 Nbd5 17. Rxe8+ Qxe8 18. Nxd5 Nxd5 19. Qd2 Rd8 20. Re1
Qd7 21. Bf4 Kf8 22. h3 Nxf4 23. Qxf4 Qd4 24. Re8+ Kxe8 25. Qc1 Qd1+ 0-1

[Event "Tournoi francophone 015"]
[Site "Skype"]
[Date "????.??.??"]
[Round "7.7"]
[White "Lambert, Pierre"]
[Black "Pouteau, Pascal"]
[Result "1-0"]
[WhiteElo "1647"]
[BlackElo "1345"]
[PlyCount "51"]

1. e4 c6 2. d4 d5 3. Nc3 dxe4 4. Nxe4 Bf5 5. Ng3 Bg6 6. h4 h5 7. Bd3 Bxd3 8.
Qxd3 Nf6 9. Nf3 e6 10. Bg5 Be7 11. O-O-O Nbd7 12. Qe2 Qa5 13. Kb1 O-O-O 14. Rd3
Nd5 15. Bxe7 Nxe7 16. Ng5 Rdf8 17. Ra3 Qb6 18. Rd1 Nd5 19. N3e4 Kd8 20. Nd6 Ke7
21. Nf5+ Kf6 22. Ng3 g6 23. N3e4+ Kg7 24. Rb3 Qc7 25. Qf3 f5 26. Nf6 1-0

[Event "Tournoi francophone 015"]
[Site "Skype"]
[Date "????.??.??"]
[Round "7.8"]
[White "Marino, Giuseppe"]
[Black "Hurtado De Mendoza, Ramon Miguel"]
[Result "0-1"]
[WhiteElo "1339"]
[BlackElo "1487"]
[PlyCount "50"]

1. d4 Nf6 2. Nf3 g6 3. e3 Bg7 4. c3 b6 5. Bd3 Bb7 6. Nbd2 d5 7. O-O O-O 8. Re1
Ne4 9. Qc2 f5 10. c4 c6 11. c5 Nd7 12. b4 e5 13. Bb2 Nxf2 14. dxe5 Ne4 15. Rab1
Qe7 16. Bxe4 fxe4 17. Nd4 Bxe5 18. Ne2 bxc5 19. bxc5 Bxh2+ 20. Kxh2 Qh4+ 21.
Kg1 Qf2+ 22. Kh1 Ba6 23. Qc3 Rf6 24. Nf4 g5 25. Ne6 Rh6# 0-1